التخطيط مدخل اقتصادى اجتماعى / (Record no. 66168)
[ view plain ]
| 000 -الفاتح | |
|---|---|
| حقل البيانات ثابتة الطول | 00951nam a2200253Ia 4500 |
| 005 - وقت وتاريخ اخر تعامل مع التسجيلة | |
| رقم الضبط | 20240530110903.0 |
| 008 - عناصر البيانات ثابتة الطول - معلومات عامة | |
| حقل البيانات ثابتة الطول | 140319s9999 xx 000 0 ara d |
| 017 ## - رقم الايداع القانونى | |
| المصدر ( الهيئة المختصة) | مصر. دار الكتب |
| 040 ## - مصدر الفهرسة | |
| وكالة الفهرسة الأصلية | GCL / |
| وكالة النسخ | GCL |
| 082 04 - رقم تصنيف ديوى العشرى | |
| رقم الطبعة | 21 |
| رقم التصنيف | 307.12 |
| رقم المادة | ح ت |
| 100 0# - المدخل الرئيسى - إسم شخصى | |
| الإسم الشخصى | حسين عبدالحميد احمد رشوان |
| 245 12 - بيان العنوان | |
| العنوان | التخطيط مدخل اقتصادى اجتماعى / |
| بيان المسئوليه,etc | حسين عبدالحميد احمد رشوان |
| 250 ## - بيان الطبعة | |
| بيان الطبعة | الاولى |
| 260 ## - PUBLICATION, DISTRIBUTION, ETC. (IMPRINT) | |
| تاريخ النشر أو التوزيع | 2010 |
| 300 ## - الوصف المادى | |
| التعداد | 301 ص. ؛ |
| أبعاد الوعاء | 24 سم. |
| 490 0# - بيان السلسلة | |
| عنوان السلسلة | سلسلة علم الاجتماع ؛ |
| رقم المجلد/ التعيين التسلسلي | الكتاب رقم 76 |
| 650 07 - المدخل الاضافى بالموضوع-مصطلح موضوعى | |
| مصطلح موضوعي | التنمية الاقتصادية |
| مصدر الرأس أو المصطلح | qrmak |
| 650 07 - المدخل الاضافى بالموضوع-مصطلح موضوعى | |
| مصطلح موضوعي | تخطيط |
| مصدر الرأس أو المصطلح | qrmak |
| 650 07 - المدخل الاضافى بالموضوع-مصطلح موضوعى | |
| مصطلح موضوعي | تخطيط المدن |
| 650 07 - المدخل الاضافى بالموضوع-مصطلح موضوعى | |
| مصطلح موضوعي | التخطيط الاجتماعى |
| مصدر الرأس أو المصطلح | qrmak |
| 651 ## - المدخل الاضافى بالموضوع - اسم جغرافى | |
| مصدر الرأس أو المصطلح | qrmak |
| 942 ## - عناصر المدخل الإضافي( كوها) | |
| مصدر التصنيف او مخطط الترفيف | Dewey Decimal Classification |
| Koha [default] item type | كتاب |
| 260 ## - PUBLICATION, DISTRIBUTION, ETC. (IMPRINT) | |
| -- | الاسكندرية : |
| -- | مؤسسة شباب الجامعة ، |
| حالة التراجع | حالة الفقد | حالة تلف | ليس للاعارة | المكان المؤقت | الموقع الحالى | موقع الترفيف | تاريخ الاكتساب | اجمالي اﻻعارات | رقم الطلب | الباركود | تاريخ اخر مشاهدة | تاريخ تفعيل السعر | نوع وعاء كوها |
|---|---|---|---|---|---|---|---|---|---|---|---|---|---|
| مكتبة القاهرة الكبرى | مكتبة القاهرة الكبرى | ق الرئيسية_العلوم الاجتماعية_ك عربى | 02/19/2022 | 307.12\ ح ت | 167419 | 02/19/2022 | 02/19/2022 | كتاب |

